000 00323nam a2200133Ia 4500
005 20251222152631.0
008 251222s9999||||xx |||||||||||||| ||spa||
082 _a972.910.63/W92
100 _aWright Mills, C.
245 0 _aEscucha, Yanqui:
250 _a4ta.ed.
264 _bFondo de cultura económica
942 _cLIB
999 _c27743
_d27743